|
|
|
|
| LEADER |
01299nam a2200289 a 4500 |
| 001 |
c000375238 |
| 003 |
CARM |
| 005 |
00000000000000.0 |
| 008 |
800106s1946 ne b 00010 dut d |
| 019 |
1 |
|
|a 3215185
|z 22007375
|z 61319624
|5 LACONCORD2021
|
| 035 |
|
|
|a (OCoLC)291660
|5 LACONCORD2021
|
| 043 |
|
|
|a a-io---
|a e-ne---
|
| 100 |
1 |
|
|a Helsdingen, W.H. van
|q (Willem Henri van),
|d 1888-.
|
| 245 |
1 |
3 |
|a De plaats van Nederlandsch-Indië in het koninkrijk :
|b stemmen van overzee /
|c door mr. W.H. van Helsdingen.
|
| 260 |
|
|
|a Leiden :
|b E.J. Brill,
|c 1946.
|
| 300 |
|
|
|a 2 v. ;
|c 24 cm.
|
| 504 |
|
|
|a Lijst van vindplaatsen: v.1. p. [303]-306.
|
| 651 |
|
0 |
|a Indonesia
|x Politics and government
|y 20th century.
|
| 651 |
|
0 |
|a Netherlands
|x Colonies
|x Administration.
|
| 651 |
|
0 |
|a Indonesia
|x History
|y Revolution, 1945-1949.
|
| 651 |
|
0 |
|a Indonesia
|x International status.
|
| 852 |
8 |
|
|b CARM
|h A1:AN02F0
|i C09563
|p 0406524
|f BK
|
| 852 |
8 |
|
|b CARM
|h A1:AN14A0
|i B08385
|p 0406468
|f BK
|
| 082 |
0 |
4 |
|a 325.31/492/09598
|2 20
|
| 999 |
f |
f |
|i 87fbf667-0228-557e-86b7-49afbe14c00d
|s 1a52b04b-5bb0-5ec6-a043-2caf5491e06d
|
| 952 |
f |
f |
|p Can circulate
|a CAVAL
|b CAVAL
|c CAVAL
|d CARM 1 Store
|e B08385
|f A1:AN14A0
|h Other scheme
|i book
|m 0406468
|
| 952 |
f |
f |
|p Can circulate
|a CAVAL
|b CAVAL
|c CAVAL
|d CARM 1 Store
|e C09563
|f A1:AN02F0
|h Other scheme
|i book
|m 0406524
|